Normal view
MARC view
- Sir Arthur Doyle
Entry Personal Name
001 - CONTROL NUMBER
- control field: 13345
003 - CONTROL NUMBER IDENTIFIER
- control field: NUST
005 - DATE AND TIME OF LATEST TRANSACTION
- control field: 20190125131705.0
008 - FIXED-LENGTH DATA ELEMENTS
- fixed length control field: 190125|| aca||aabn | a|a d
040 ## - CATALOGING SOURCE
- Original cataloging agency: NUST
- Transcribing agency: NUST
100 ## - HEADING--PERSONAL NAME
- Personal name: Sir Arthur Doyle
670 ## - SOURCE DATA FOUND
- Source citation: Work cat.: (NUST): Sir Arthur Doyle, The Greatest Stories of Sherlock Holmes
